000 00487nam a2200181Ia 4500
001 9031
005 20260306160653.0
008 260306t1996||||xx |||||||||||||| ||spa||
041 _aESP
082 _a372.372
_bP77
100 _aPontificio Consejo para la Familia
_eAUT
245 0 _aSexualidad humana:
_bverdad y significado: orientaciones educativas en familia
260 _c1996
300 _a74 páginas :
_c23 cm.
650 _aGEN
654 _aCED
942 _cLIB
_dJUS
_fJUS
_2ddc
_n
999 _c9031
_d9031